000 00433nam a2200157 i 4500
001 bg
100 1 _aRĄCZKA, J.
245 0 _aTechnologia odlewnictwa /
_cJ. Rączka.
250 _aWyd.2 rozsz.
260 _aKraków,
_c1988.
040 _cBPK
041 _apol
942 _cKS
008 s pl f |000 0 pol
856 _uhttp://koha.tu.koszalin.pl/cgi-bin/koha/opac-detail.pl?biblionumber=3872
_yKatalog online BPK
999 _c3872
_d3872